000 00564nam a2200217Ia 4500
003 OSt
005 20220928144518.0
006 a|||||r|||| 00| 0
007 ta
008 220927b |||||||| |||| 00| 0 eng d
024 _a71217
037 _cTextual
040 _aSDCL
_cSDCL
_beng
041 _2eng
_aeng
082 _aO-,IL:g, J3
100 _aAbrams M H
_9499061
245 0 _aMirror and the lamp
_b Romantic theory and the critical tradition.
260 _c1953
942 _hO-,IL:g, J3
_cTEXL
_2CC
999 _c827418
_d827418